000
00234nam a2200097Ia 4500
008
220204s9999 xx 000 0 und d
082
_a
06.055.5:35
_b
IND
245
0
_a
IIPA, Annual report 1971-1972
260
_a
Delhi
_b
IIPA
942
_c
BK
999
_c
21799
_d
21799